000
00256nam a22001097a 4500
082
_a
621.3824 COL'A
100
_a
COLLIN, ROBERT E
_9
616
245
_a
ANTENNA THEORY PART-1 & PART-2
260
_a
NEWYORK
_b
MCGRAW HILL
_c
1969
300
_a
683P
942
_c
BK
999
_c
583020
_d
583020